000
00228 a2200097 4500
001
36519
100
_a
Ziemer R.E
245
_a
Introduction to digital communication
260
_a
New York
_b
Macmillan
_c
090
_c
23603
_d
23603
942
_a
NUST-CAE
_c
M
_c
15118
999
_c
271592
_d
271592